Themistoclis Epistolae Graece & Latine interprete Jo. Matthaeo Caryophilo, Archi - Episcopo Iconiensi. Recensuit, notis & indicibus inlustravit, & in praesatione vindicavit M. Christianus Schoettgenius

Bibliographic Details
Main Author: Themistocles (Author)
Corporate Author: Martini, August (Leiden, Nemecko) (Printer)
Other Authors: Carion, Johann, 1499-1538 (Commentator for written text), Martini, August (Printer), Schöttgen, Christian 1687-1751 (Author of introduction, etc.)
Format: Book
Language:Latin
Greek, Modern (1453- )
PhysicalDescription:36 nečíslovaných strán, 118 strán, 12 nečíslovaných strán 16 cm
Edition:Editio Secunda
Subjects:

MARC

LEADER 00000nam a2200000 4500
001 vtls012013829
003 SK-MaSNL
005 20260302084310.0
008 210209t1722 gw a r 001 0 lat
015 |a SNBHFA1722 
040 |a SNKHF  |b slo  |c SNK  |e rda 
041 |a lat  |a gre 
044 |a gw  |c DE 
072 7 |a 821.09  |x Literatúra v rôznych jazykoch (o nej)  |2 konspekt 
080 |a 821(37/38)  |2 2001 
100 0 |a Themistocles  |4 aut  |9 753282 
245 1 0 |a Themistoclis Epistolae  |b Graece & Latine interprete Jo. Matthaeo Caryophilo, Archi - Episcopo Iconiensi. Recensuit, notis & indicibus inlustravit, & in praesatione vindicavit M. Christianus Schoettgenius 
250 |a Editio Secunda 
264 3 |a Lipsiae  |b Apud Augustum Martinum  |c MDCCXXII (1722) 
300 |a 36 nečíslovaných strán, 118 strán, 12 nečíslovaných strán  |c 16 cm 
336 |a text  |b txt  |2 rdacontent 
337 |a bez média  |b n  |2 rdamedia 
338 |a zväzok  |b nc  |2 rdacarier 
500 |a Iniciály na 4 a 5 riadkov, kustody, ilustrovaný titulný a predtitulný list, koncová vineta 
504 |a Tlačené vysvetlivky a komentáre pod textom, register 
546 |a Dvojstĺpcová tlač striedavo v gréčtine a latinčine, úvod v latinčine 
563 |a Väzba pôvodná koženná  |5 SNK ID 102010 
650 0 7 |a antická literatúra  |2 SNKPH  |9 92203 
700 1 |a Carion, Johann,  |d 1499-1538  |4 cwt  |9 127007 
700 1 |a Martini, August  |4 prt  |9 513370 
700 1 |a Schöttgen, Christian  |d 1687-1751  |4 aui  |9 610049 
710 0 |a Martini, August (Leiden, Nemecko)  |4 prt  |9 753283 
752 |a Nemecko  |d Leiden 
852 |a snk  |b Aponiovská knižnica  |p ID 102010 
958 |a DD 
958 |a ONDV 
999 |c 1187381  |d 1189311 
952 |t Op. II/10  |a SNK  |b SNK  |c SNK_HF  |y PREZ  |7 0  |p 17A1395595  |o snkID 102010  |i snk2021/557  |8 5  |0 0  |1 0  |4 0  |d 2021-02-09  |l 0  |r 2026-02-24 22:00:04  |w 2026-02-24